000 00335nam a2200157Ia 4500
100 _aPeterson/ C.H./ Lewis/ W
650 _aEconomics
942 _cBK
654 _aEconmics
245 _aManagerial Economics
260 _bP.H.I
_aNew Delhi
_c1995
082 _a658.4033
_bPAN
300 _a429
546 _aENGLISH
999 _c32729
_d32729